| 000 | 01119nam a2200229Ia 4500 | ||
|---|---|---|---|
| 003 | Ost | ||
| 005 | 20260507075111.0 | ||
| 008 | 260507s9999||||xx |||||||||||||| ||und|| | ||
| 040 | _cfsecg | ||
| 041 | _aara | ||
| 082 | _a0 | ||
| 100 |
_aمنصور، عوض _eمؤلف |
||
| 245 | 0 |
_aطرق التحليل العددي : _bالمبرمج بلغة بيسك / _c عوض منصور |
|
| 260 |
_aعمان: _bدار صفاء للنشر والتوزيع, _c1999 |
||
| 300 |
_a189 صفحة؛ _bإيضاحات ؛ _c24 سم |
||
| 504 | _aببليوغرافيا:ص.183-184 | ||
| 520 | _aالأخطاء أنواعها ومصادرها،متسلسلات القوى وحساب الدوال،ايجاد جذور المعادلات،المصفوفات والمحددات والمعادلات الخطية الآنية،الفروق المنتهية،التفاضل العددي والتكامل العدديالحل العددي للمعادلات التفاضلية | ||
| 653 | _aالبرمجة | ||
| 653 | _aالحاسبات الالكترونية | ||
| 700 |
_aعزام، صبري _eمؤلف ثانوي |
||
| 942 | _cكتاب | ||
| 999 |
_c42918 _d42918 |
||